000 00446pab a2200169 454500
008 180718b2007 xxu||||| |||| 00| 0 eng d
100 _aLahiff, Edward
245 _aMarket-led Agrarian reform: policies, performance and prospects
260 _c2007
300 _ap.1417-436.
650 _aLand reform
700 _aKay, Cristobal
700 _aBorras, Saturnino M., Jr.
773 _aThird World Quarterly
908 _aN
909 _a77240
999 _c77240
_d77240